Дело об установлении льготного тарифа на перевозку по казенным железным дорогам изданий общества распространения полезных книг

Доступно только в Электронных читальных залах Найти на картеНа карте
RUSMARC
00003716nmc2a22002413x 450
001e660da3a-4676-4147-b27c-9e6ce6eac34e
00520211223215123.0
100##$a20210728l18861886k l0rusy0189 ca
1010#$arus
102##$aRU
105##$ay###
1222#$ad
2001#$aДело об установлении льготного тарифа на перевозку по казенным железным дорогам изданий общества распространения полезных книг
$j28 июня - 15 октября 1886 г.
215##$a18 л.
$d36,5х26 см
251##$cДело
300##$aДело
371##$aДокумент не является опубликованным и широко распространяемым
461#0$1001a74412a3-3cc5-4d21-8f0a-dfe2fbd9e72d
$12001
$aДепартамент народного просвещения Министерства народного просвещения (1803-1917)
$1251
$cФонд
$1852
$j733
462#0$1001b33464f2-4bc4-41e3-b4bc-525e855f0eb0
$12001
$aДела разряда общих дел Министерства народного просвещения
$1251
$cОпись
$1852
$j194
801#0$aRU
$bРГИА
$c20210728
$gRCR
801#1$aRU
$bГлавНИВЦ
$c20210728
$2rusmarc
801#2$aRU
$bПБ им. Б.Н. Ельцина
$c20211223
$gRCR
$2rusmarc
850##$aРГИА
852##$aРГИА
$eФедеральное казенное учреждение "Российский государственный исторический архив" (РГИА)
$j688
937##$hРГИА
$d12369454
$aASBIBLIO_SCAN
035##$aRusGRCC00034055
856##$uhttp://readingroom.main.prlib.ru/item.aspx?id_node=n172068871&mode=full
Формат отображения